Laddar...
Uranium and Gold-bearing Quartz-Pebble Conglomerates of India
| Huvudupphovsman: | |
|---|---|
| Materialtyp: | Printed Book |
| Publicerad: |
Bangalore
GSI
1988
|
| LEADER | 00378nam a2200109 4500 | ||
|---|---|---|---|
| 999 | |c 183132 |d 183132 | ||
| 082 | |a 553 |b URA.U | ||
| 100 | |a GSI | ||
| 245 | |a Uranium and Gold-bearing Quartz-Pebble Conglomerates of India |c GSI | ||
| 260 | |a Bangalore |c 1988 |b GSI | ||
| 942 | |c BK | ||
| 952 | |0 0 |1 0 |4 0 |6 553_000000000000000_URA_U |7 0 |9 196488 |a GEO |b GEO |d 2019-12-26 |l 1 |o 553 URA.U |p GEO2256 |r 2020-11-05 |s 2020-06-16 |y BK | ||